El camino del ser /

Uloženo v:
Podrobná bibliografie
Hlavní autor: Rogers, Carl R. (autor)
Médium: Kniha
Jazyk:španělština
Vydáno: Barcelona, España : Kairós, 2023, c1986
Vydání:10a edición
Edice:(Psicología Kairós)
Témata:
Tagy: Přidat tag
dh 1

MARC

LEADER 00000nam^a2200000^a^4500
001 000613323
005 20250521000000.0
009 20260310133619.325
020 |a 978-84-7245-169-8 
037 |a Acervo ITESO - Biblioteca 
041 |a ESP 
082 |a 616. 89146  |b ROG 
100 |a Rogers, Carl R.  |e (autor) 
240 1 4 |a [El camino del ser] 
245 1 3 |a El camino del ser /  |c C.R. Rogers ; tr. por Enric Tremps. 
250 |a 10a edición 
264 4 |a Barcelona, España :  |b Kairós,  |c 2023, c1986 
300 |a 198 p. 
336 |a texto  |b txt  |2 rdacontenido 
337 |a sin mediación  |b n  |2 rdamedio 
338 |a volumen  |b nc  |2 rdasoporte 
440 1 |a (Psicología Kairós) 
500 |a Traducción de: A Way of Being 
521 |a Peticiones 2025 
649 |a XX 
650 |a Humanismo -  |x Tema Principal 
650 |a Terapia Centrada en la Persona -  |x Tema Principal 
650 |a Psicoterapia 
650 |a Psicología Clínica 
650 |a Educación 
910 |a Fondo General 
920 |a Impresos - Libros 
930 |a Colección General 
905 |a 101 
901 |a 613323-10  |b IT1  |c ACC  |i C189503  |u 20250521 
902 |a https://opac.biblio.iteso.mx/vufind/Record/000613323